| 000 | 00996nam a2200253 i 4500 | ||
|---|---|---|---|
| 001 | 176340 | ||
| 003 | ES-MaACL | ||
| 005 | 20250811103414.0 | ||
| 008 | 910101s19341936sp acfo |||| | spa d | ||
| 080 | _a728.81(460.16) | ||
| 100 | 1 |
_aAltadill, Julio. _920507 |
|
| 245 | 1 | 0 |
_aCastillos medioevales de Nabarra (sic) / _cpor Julio Altadill. |
| 260 |
_aZarauz : _bItxaropena, _c1934-1936. |
||
| 300 |
_a3 v. ; _c19 cm. |
||
| 490 | 1 |
_aColección Zabalkundea ; _v5, 8, 20 |
|
| 490 | 1 |
_aCiencias, bellas artes y letras ; _v5, 8, 20 |
|
| 505 | 8 | _aContiene: v. 1 (150 p., ([3] h., [10] p.) de lám.) - v. 2 (186 p., ([3] h., [10] p.) de lám.) - v. 3 (124 p., [8] p. de lám.) | |
| 650 | 7 |
_aCastillos- _zNavarra (Comunidad Autónoma) _9148749 |
|
| 830 | 0 |
_aColección Zabalkundea ; _v5, 8, 20 _9224003 |
|
| 830 | 0 | 0 |
_aCiencias, bellas artes y letras _v5, 8, 20 _9224004 |
| 852 |
_aES-MaACL _jG-11002-04 _z. - tela |
||
| 852 |
_aES-MaACL _jC-16669 _z.- Vol. II |
||
| 999 |
_c176340 _d176340 |
||